| 000 | 00389pam a2200157 a 4500 | ||
|---|---|---|---|
| 020 |
_a0443064539X _c |
||
| 041 | _h | ||
| 082 |
_a616.5 _bLEB |
||
| 100 | _aLebwohl Mark G. . | ||
| 245 |
_aThe Skin and Systemic Disease Color Atlas and Text _hTextual Documents |
||
| 250 | _a2nd ed. . | ||
| 260 |
_bChurchill Livingstone _c2004 |
||
| 300 | _a560. | ||
| 653 | _aDermatology | ||
| 930 | _a8502 | ||
| 999 |
_c8498 _d8498 |
||